[Event "Koge Bugt Spring"]
[Site "Solrod"]
[Date "2011.05.25"]
[Round "7.5"]
[White "Krag Jacobsen, Alan"]
[Black "Nielsen, Steen"]
[Result "0-1"]
[WhiteElo "1786"]
[BlackElo "1443"]
[PlyCount "88"]
[EventDate "2011.03.30"]
[EventType "swiss"]
[EventRounds "7"]
[EventCountry "DEN"]
[SourceTitle "EXT 2023"]
[Source "ChessBase"]
[SourceDate "2022.10.05"]
[SourceVersion "1"]
[SourceVersionDate "2022.10.05"]
[SourceQuality "1"]

1. e4 c6 2. d4 d5 3. exd5 cxd5 4. c4 Nf6 5. Nc3 e6 6. c5 a6 7. Nf3 b6 8. b4 bxc5 9. dxc5 Be7 10. Be3 0-0 11. Be2 Nc6 12. Rb1 Qc7 13. Qd2 Rd8 14. Na4 Ne4 15. Qc2 a5 16. b5 Nb4 17. Rxb4 axb4 18. c6 Qa5 19. 0-0 Qxa4 20. Qc1 Nc3 21. Bd1 Qxb5 22. Nd4 Qa5 23. Bf4 Bd6 24. Bg5 f6 25. Bd2 Qc7 26. g3 e5 27. Bxc3 bxc3 28. Nb5 Qxc6 29. a4 Bh3 30. Re1 d4 31. f3 d3 32. Re4 Qc5+ 33. Qe3 Qxe3+ 34. Rxe3 Bc5 35. Bb3+ Kf8 36. Kf2 Bxe3+ 37. Kxe3 Ke7 38. Nxc3 Be6 39. Bd1 Rac8 40. Kd2 f5 41. a5 Ra8 42. Ba4 Rxa5 43. Bb5 Rxb5 44. Nxb5 Kf6 0-1

[Event "Koge Bugt Spring"]
[Site "Solrod"]
[Date "2011.04.06"]
[Round "2.4"]
[White "Krag Jacobsen, Alan"]
[Black "Ambirk, Jan Robert"]
[Result "0-1"]
[WhiteElo "1786"]
[BlackElo "1826"]
[PlyCount "58"]
[EventDate "2011.03.30"]
[EventType "swiss"]
[EventRounds "7"]
[EventCountry "DEN"]
[SourceTitle "EXT 2023"]
[Source "ChessBase"]
[SourceDate "2022.10.05"]
[SourceVersion "1"]
[SourceVersionDate "2022.10.05"]
[SourceQuality "1"]

1. e4 e5 2. Nf3 Nc6 3. Bb5 a6 4. Ba4 Nf6 5. 0-0 Be7 6. Re1 b5 7. Bb3 0-0 8. c3 d5 9. exd5 Nxd5 10. Nxe5 Nxe5 11. Rxe5 c6 12. d4 Bd6 13. Re1 Qh4 14. g3 Qh3 15. Qf3 Bg4 16. Qg2 Qh5 17. Nd2 Rae8 18. Rxe8 Rxe8 19. f3 Re1+ 20. Nf1 Bh3 21. Qf2 Rxf1+ 22. Qxf1 Bxf1 23. Kxf1 Qxh2 24. Bxd5 Bxg3 25. Be3 cxd5 26. Rc1 Qh1+ 27. Ke2 Qg2+ 28. Kd3 Qxf3 29. Kd2 f5 0-1

[Event "Koge Bugt Winter"]
[Site "Solrod"]
[Date "2011.03.16"]
[Round "6"]
[White "Forsmann, Henning"]
[Black "Krag Jacobsen, Alan"]
[Result "1/2-1/2"]
[WhiteElo "1758"]
[BlackElo "1469"]
[PlyCount "75"]
[EventDate "2011.01.12"]
[EventType "swiss"]
[EventRounds "7"]
[EventCountry "DEN"]
[SourceTitle "EXT 2023"]
[Source "ChessBase"]
[SourceDate "2022.10.05"]
[SourceVersion "1"]
[SourceVersionDate "2022.10.05"]
[SourceQuality "1"]

1. b3 e5 2. Bb2 Nc6 3. Nf3 e4 4. Ne5 Nxe5 5. Bxe5 Nf6 6. e3 d5 7. Be2 Be7 8. 0-0 Be6 9. d3 Qd7 10. Nd2 Bf5 11. dxe4 dxe4 12. Bb2 b5 13. a4 c6 14. axb5 cxb5 15. Bd4 0-0 16. Qb1 Nd5 17. Rd1 Bf6 18. Bxf6 gxf6 19. Qb2 Qc6 20. c4 bxc4 21. Bxc4 Nb4 22. Rdc1 Qb6 23. Be2 Rfd8 24. Nc4 Qe6 25. Qc3 Nd3 26. Rd1 Rd7 27. Rd2 Rad8 28. Rad1 Bg6 29. Nb2 Nxb2 30. Rxd7 Rxd7 31. Qc8+ Kg7 32. Qxd7 Nxd1 33. Qxd1 Qb6 34. h4 Bf5 35. Bc4 Be6 36. Bxe6 Qxe6 37. b4 a6 38. Qd4 1/2-1/2

[Event "Koge Bugt Winter"]
[Site "Solrod"]
[Date "2011.02.16"]
[Round "4"]
[White "Dyremose, Morten Sigvart"]
[Black "Krag Jacobsen, Alan"]
[Result "0-1"]
[WhiteElo "1146"]
[BlackElo "1469"]
[PlyCount "87"]
[EventDate "2011.01.12"]
[EventType "swiss"]
[EventRounds "7"]
[EventCountry "DEN"]
[SourceTitle "EXT 2023"]
[Source "ChessBase"]
[SourceDate "2022.10.05"]
[SourceVersion "1"]
[SourceVersionDate "2022.10.05"]
[SourceQuality "1"]

1. e4 e5 2. Nf3 Nc6 3. Bc4 Nf6 4. Nc3 Nxe4 5. Nxe4 d5 6. Bxd5 Qxd5 7. Nc3 Qd8 8. d3 Be7 9. Be3 Bg4 10. h3 Bh5 11. g4 Bg6 12. 0-0 h5 13. g5 Qd7 14. d4 Bf5 15. Nxe5 Nxe5 16. dxe5 Qc6 17. Qd5 Bxh3 18. Rfe1 Bd7 19. Bf4 Qb6 20. Ne4 Bc6 21. Qd3 Qxb2 22. Nf6+ Kf8 23. Nd7+ Kg8 24. Qf5 Bd5 25. g6 Be6 26. gxf7+ Bxf7 27. e6 Be8 28. Be5 Qa3 29. Re3 Qa4 30. Rg3 Rh7 31. Nf6+ Bxf6 32. Bxf6 Qb5 33. Qf4 Qc5 34. Kh2 Qd6 35. Qf5 h4 36. Be5 hxg3+ 37. Kxg3 Qa3+ 38. f3 Qa4 39. e7 Qh4+ 40. Kg2 Qxe7 41. f4 Bc6+ 42. Kf2 Rh2+ 43. Ke3 Qc5+ 44. Kd3 0-1

[Event "Koge Bugt C"]
[Site "Solrod"]
[Date "1999.09.28"]
[Round "6"]
[White "Krag Jacobsen, Alan"]
[Black "Thomsen, Heinrich Kirch"]
[Result "0-1"]
[WhiteElo "1395"]
[BlackElo "1330"]
[PlyCount "92"]
[EventDate "1999.08.24"]
[EventType "tourn"]
[EventRounds "7"]
[EventCountry "DEN"]
[SourceTitle "EXT 2023"]
[Source "ChessBase"]
[SourceDate "2022.10.05"]
[SourceVersion "1"]
[SourceVersionDate "2022.10.05"]
[SourceQuality "1"]

1. e4 c5 2. Nf3 Nc6 3. d4 cxd4 4. Nxd4 Nf6 5. Nc3 e5 6. Ndb5 d6 7. Bg5 a6 8. Na3 b5 9. Nd5 Be7 10. Bxf6 Bxf6 11. c3 0-0 12. Be2 Bg5 13. 0-0 Be6 14. f4 exf4 15. Nxf4 Bxf4 16. Rxf4 Qb6+ 17. Rf2 Ne5 18. Nc2 f5 19. Nd4 fxe4 20. Rxf8+ Rxf8 21. Kh1 Bc4 22. Bxc4+ Nxc4 23. Qe2 d5 24. b3 Ne5 25. Qh5 Qf6 26. h3 h6 27. Rd1 Qd6 28. Nc2 Nd3 29. Kg1 Rc8 30. Ne3 d4 31. cxd4 Qxd4 32. Qd5+ Qxd5 33. Nxd5 Rc2 34. Ra1 Kf7 35. a4 b4 36. Ne3 Rb2 37. Nc4 Rxb3 38. Nd6+ Ke6 39. Nxe4 Kd5 40. Nd2 Rb2 41. Nf3 Kc4 42. a5 b3 43. Ra4+ Kb5 44. Rd4 Rb1+ 45. Kh2 Rd1 46. Rd5+ Kc4 0-1

[Event "Lovsprings op 10th C"]
[Site "Ringsted"]
[Date "1998.05.29"]
[Round "7"]
[White "Krag Jacobsen, Alan"]
[Black "Jensen, Soren3"]
[Result "0-1"]
[WhiteElo "1379"]
[BlackElo "1306"]
[PlyCount "68"]
[EventDate "1998.03.13"]
[EventType "swiss"]
[EventRounds "7"]
[EventCountry "DEN"]
[SourceTitle "EXT 2023"]
[Source "ChessBase"]
[SourceDate "2022.10.05"]
[SourceVersion "1"]
[SourceVersionDate "2022.10.05"]
[SourceQuality "1"]

1. e4 e5 2. Nf3 Nc6 3. Bb5 a6 4. Ba4 b5 5. Bb3 Bb7 6. c3 Bc5 7. 0-0 f5 8. d3 fxe4 9. dxe4 Nf6 10. Bg5 h6 11. Bh4 g5 12. Bg3 d6 13. Re1 Nh5 14. Kh1 Nf4 15. Bxf4 gxf4 16. Qd5 Qe7 17. Qd3 Bxf2 18. Re2 Bb6 19. Bd5 Na5 20. b4 Bxd5 21. bxa5 Bc4 22. Qd2 Bxe2 23. axb6 Bxf3 24. gxf3 cxb6 25. Qd5 Rc8 26. Nd2 Rh7 27. Qg8+ Kd7 28. Qd5 Rc6 29. Rb1 Qe6 30. Qd3 Qxa2 31. Rg1 b4 32. c4 Qb2 33. Qd5 Qd4 34. Qg8 Re7 0-1

[Event "Lovsprings op 10th C"]
[Site "Ringsted"]
[Date "1998.05.15"]
[Round "6"]
[White "Krag Jacobsen, Alan"]
[Black "Orup, Kim"]
[Result "0-1"]
[WhiteElo "1379"]
[BlackElo "1316"]
[PlyCount "96"]
[EventDate "1998.03.13"]
[EventType "swiss"]
[EventRounds "7"]
[EventCountry "DEN"]
[SourceTitle "EXT 2023"]
[Source "ChessBase"]
[SourceDate "2022.10.05"]
[SourceVersion "1"]
[SourceVersionDate "2022.10.05"]
[SourceQuality "1"]

1. e4 c5 2. Nf3 Nc6 3. d4 cxd4 4. Nxd4 Nf6 5. Nc3 e6 6. a3 Bc5 7. Ndb5 Qb6 8. Nd6+ Ke7 9. Nxc8+ Raxc8 10. Bb5 Bxf2+ 11. Kf1 Bd4 12. Bxc6 Bxc3 13. Ba4 Qa6+ 14. Qd3 Qxa4 15. bxc3 Qxe4 16. Qd2 Qc4+ 17. Kg1 Qxc3 18. Rb1 b6 19. h3 Qxc2 20. Ra1 Qxd2 21. Bxd2 Rc2 22. Bb4+ d6 23. Rd1 Nd5 24. Bd2 Rhc8 25. Kh2 Nc3 26. Bxc3 R8xc3 27. Ra1 d5 28. Rhd1 Kd6 29. a4 a5 30. Rdb1 Kc6 31. Rb5 Rc5 32. Rb3 Kc7 33. Rab1 Rc6 34. Rg3 g6 35. Rf3 f5 36. Rg3 R2c4 37. Ra1 Rc3 38. Rg5 e5 39. h4 h6 40. Rg3 f4 41. Rg4 d4 42. Re1 Re3 43. Rb1 d3 44. Rd1 Kd7 45. Kg1 Ke7 46. Kf2 Kf6 47. g3 Rc2+ 48. Kf1 Kf5 0-1

[Event "Lovsprings op 10th C"]
[Site "Ringsted"]
[Date "1998.03.27"]
[Round "3"]
[White "Krag Jacobsen, Alan"]
[Black "Jensen, Jorgen"]
[Result "1/2-1/2"]
[WhiteElo "1379"]
[BlackElo "1349"]
[PlyCount "94"]
[EventDate "1998.03.13"]
[EventType "swiss"]
[EventRounds "7"]
[EventCountry "DEN"]
[SourceTitle "EXT 2023"]
[Source "ChessBase"]
[SourceDate "2022.10.05"]
[SourceVersion "1"]
[SourceVersionDate "2022.10.05"]
[SourceQuality "1"]

1. e4 e5 2. Nf3 d6 3. Nc3 Nf6 4. Bc4 Be6 5. Bxe6 fxe6 6. d3 Be7 7. b3 Nc6 8. Bb2 0-0 9. Ne2 Qe8 10. Qd2 Qg6 11. Rg1 a5 12. a3 Nh5 13. Ng3 h6 14. Nxh5 Qxh5 15. Qe2 Rf6 16. 0-0-0 Raf8 17. Rh1 Qg6 18. Rdg1 Qe8 19. Kb1 R6f7 20. Rf1 Bf6 21. h4 Nd4 22. Nxd4 exd4 23. f4 c5 24. Bc1 b5 25. Bd2 Qd8 26. Ka2 Qb6 27. g4 Be7 28. g5 d5 29. Rfg1 hxg5 30. hxg5 g6 31. Qh2 Rg7 32. Rg3 Kf7 33. Rh3 dxe4 34. dxe4 c4 35. e5 Qc5 36. Bc1 cxb3+ 37. cxb3 Rc8 38. Qd2 Qc2+ 39. Qxc2 Rxc2+ 40. Kb1 Rc3 41. Bd2 Rxh3 42. Rxh3 Bxa3 43. Bxa5 Bc5 44. Bd2 Ke7 45. Kc2 Kd7 46. Kd3 Kc6 47. Ke4 Bb6 1/2-1/2

[Event "Lovsprings op 08th D"]
[Site "Ringsted"]
[Date "1996.04.12"]
[Round "5"]
[White "Nielsen, Kurt"]
[Black "Krag Jacobsen, Alan"]
[Result "0-1"]
[WhiteElo "1332"]
[BlackElo "1428"]
[PlyCount "54"]
[EventDate "1996.03.08"]
[EventType "swiss"]
[EventRounds "7"]
[EventCountry "DEN"]
[SourceTitle "EXT 2023"]
[Source "ChessBase"]
[SourceDate "2022.10.05"]
[SourceVersion "1"]
[SourceVersionDate "2022.10.05"]
[SourceQuality "1"]

1. d4 d5 2. Nf3 Nf6 3. c4 e6 4. Nc3 c6 5. Bg5 Be7 6. e3 Nbd7 7. Bd3 h6 8. Bh4 0-0 9. cxd5 exd5 10. 0-0 Re8 11. Rc1 Nf8 12. h3 Be6 13. Qb3 Qc8 14. Ne2 N8h7 15. Bg3 Ne4 16. Qc2 Nhf6 17. Bh2 Bxh3 18. gxh3 Qxh3 19. Ng3 Bd6 20. Ne5 Bxe5 21. dxe5 Ng4 22. f4 Nxg3 23. Rf3 Nxh2 24. Qxh2 Qxh2+ 25. Kxh2 Ne4 26. Rg1 Rad8 27. Rh3 Nf2 0-1

[Event "Lovsprings op 08th D"]
[Site "Ringsted"]
[Date "1996.03.08"]
[Round "1"]
[White "Lassur, Benjamin"]
[Black "Krag Jacobsen, Alan"]
[Result "1-0"]
[WhiteElo "1439"]
[BlackElo "1428"]
[PlyCount "63"]
[EventDate "1996.03.08"]
[EventType "swiss"]
[EventRounds "7"]
[EventCountry "DEN"]
[SourceTitle "EXT 2023"]
[Source "ChessBase"]
[SourceDate "2022.10.05"]
[SourceVersion "1"]
[SourceVersionDate "2022.10.05"]
[SourceQuality "1"]

1. c4 Nf6 2. Nc3 g6 3. g3 Bg7 4. Bg2 0-0 5. d4 d6 6. e3 Nbd7 7. Nf3 a5 8. 0-0 e5 9. dxe5 dxe5 10. Qc2 Ne8 11. b3 Nd6 12. e4 f5 13. exf5 Nxf5 14. Bg5 Ne7 15. Nd5 Bf6 16. Nxf6+ Nxf6 17. Nxe5 Bf5 18. Qb2 Ne4 19. Bh6 Rf6 20. Bxe4 Bxe4 21. Ng4 Rf7 22. Nf6+ Rxf6 23. Qxf6 Nf5 24. Qe6+ Kh8 25. Qxe4 Nxh6 26. Qe5+ Kg8 27. Qe6+ Kh8 28. Rad1 Qf8 29. Rfe1 Nf5 30. Rd7 Ng7 31. Qf7 Qxf7 32. Rxf7 1-0

[Event "Lovfalds 08th F"]
[Site "Ringsted"]
[Date "1994.09.30"]
[Round "5"]
[White "Jensen, Jan Erik"]
[Black "Krag Jacobsen, Alan"]
[Result "1/2-1/2"]
[WhiteElo "1217"]
[BlackElo "1247"]
[PlyCount "49"]
[EventDate "1994.09.02"]
[EventType "tourn"]
[EventRounds "5"]
[EventCountry "DEN"]
[SourceTitle "EXT 2023"]
[Source "ChessBase"]
[SourceDate "2022.10.05"]
[SourceVersion "1"]
[SourceVersionDate "2022.10.05"]
[SourceQuality "1"]

1. e4 e6 2. Nc3 c5 3. Nf3 Nc6 4. Bb5 Nd4 5. Be2 Nf6 6. d3 Be7 7. Be3 Nxe2 8. Qxe2 b6 9. 0-0 Bb7 10. Rfe1 d5 11. exd5 Nxd5 12. Nxd5 Bxd5 13. c4 Bb7 14. Rad1 0-0 15. d4 Qc7 16. dxc5 Bxc5 17. Bxc5 Qxc5 18. b3 Rad8 19. h3 Rfe8 20. Rd3 Rxd3 21. Qxd3 Bxf3 22. Qxf3 Rd8 23. Rd1 Rxd1+ 24. Qxd1 Qc7 25. Qd2 1/2-1/2

[Event "Lovfalds 08th F"]
[Site "Ringsted"]
[Date "1994.09.09"]
[Round "2"]
[White "Krag Jacobsen, Alan"]
[Black "Andersen, Kim"]
[Result "1-0"]
[WhiteElo "1247"]
[BlackElo "1270"]
[PlyCount "64"]
[EventDate "1994.09.02"]
[EventType "tourn"]
[EventRounds "5"]
[EventCountry "DEN"]
[SourceTitle "EXT 2023"]
[Source "ChessBase"]
[SourceDate "2022.10.05"]
[SourceVersion "1"]
[SourceVersionDate "2022.10.05"]
[SourceQuality "1"]

1. b3 Nc6 2. Bb2 e5 3. c4 Nf6 4. e3 d5 5. cxd5 Nxd5 6. a3 g6 7. d3 Bg7 8. Nd2 0-0 9. h3 b5 10. Rc1 Bb7 11. Ngf3 Re8 12. Rc2 Rc8 13. Be2 b4 14. a4 Nc3 15. Qa1 Nxe2 16. Kxe2 f6 17. Rhc1 Na5 18. Rc5 Bxf3+ 19. gxf3 c6 20. d4 e4 21. fxe4 Rxe4 22. Rxa5 Rxe3+ 23. fxe3 Qxa5 24. Rc5 Qc7 25. Qh1 Bf8 26. Rc2 Qd7 27. Ne4 Qf5 28. d5 Re8 29. Nxf6+ Kf7 30. e4 Re7 31. dxc6 Bg7 32. Kd1 Bxf6 1-0

[Event "Lovsprings op 06th E"]
[Site "Ringsted"]
[Date "1994.05.08"]
[Round "6"]
[White "Rasmussen, Bent"]
[Black "Krag Jacobsen, Alan"]
[Result "1-0"]
[WhiteElo "1302"]
[BlackElo "1278"]
[PlyCount "53"]
[EventDate "1994.03.27"]
[EventType "swiss"]
[EventRounds "7"]
[EventCountry "DEN"]
[SourceTitle "EXT 2023"]
[Source "ChessBase"]
[SourceDate "2022.10.05"]
[SourceVersion "1"]
[SourceVersionDate "2022.10.05"]
[SourceQuality "1"]

1. e4 e6 2. Nf3 Nf6 3. e5 Nd5 4. d4 d6 5. Be2 Nc6 6. 0-0 Bd7 7. c3 dxe5 8. dxe5 a6 9. Bd3 Bc5 10. Qc2 h6 11. Be4 Nce7 12. b4 Ba7 13. a3 Bc6 14. Rd1 Qc8 15. c4 Nb6 16. Nc3 Nxc4 17. Bxc6+ Nxc6 18. Qe4 Nb6 19. Be3 0-0 20. Qg4 Kh8 21. Qh4 Rd8 22. Bxh6 gxh6 23. Qxh6+ Kg8 24. Ne4 f6 25. Nxf6+ Kf7 26. Ng5+ Ke7 27. Qg7# 1-0

[Event "Lovsprings op 05th E"]
[Site "Ringsted"]
[Date "1993.04.23"]
[Round "4"]
[White "Lassur, Benjamin"]
[Black "Krag Jacobsen, Alan"]
[Result "1/2-1/2"]
[WhiteElo "1100"]
[BlackElo "1188"]
[PlyCount "56"]
[EventDate "1993.03.26"]
[EventType "swiss"]
[EventRounds "7"]
[EventCountry "DEN"]
[SourceTitle "EXT 2023"]
[Source "ChessBase"]
[SourceDate "2022.10.05"]
[SourceVersion "1"]
[SourceVersionDate "2022.10.05"]
[SourceQuality "1"]

1. e4 e5 2. Nf3 Nc6 3. Bc4 Bc5 4. d3 h6 5. 0-0 d6 6. h3 Nf6 7. Be3 Bxe3 8. fxe3 b6 9. Nc3 Na5 10. Bb3 Nxb3 11. axb3 Bb7 12. Nh2 Qd7 13. Rf3 Nh7 14. Rg3 Rg8 15. Ng4 0-0-0 16. Rxa7 Kb8 17. Qa1 Rdf8 18. Nd5 f5 19. Nh2 fxe4 20. dxe4 Nf6 21. Nxf6 Rxf6 22. Qa4 Qc6 23. Qxc6 Bxc6 24. Ra1 Bxe4 25. c3 h5 26. Ra3 Rg6 27. Rxg6 Bxg6 28. Nf3 Bf5 1/2-1/2